01495 a2200217 4500020001500000020001800015082001100033090001300044100002200057245005400079250001200133260004500145300002100190500001500211520075200226856008200978856008701060942002401147999001901171952008701190 a0072352825 a978007235282504a658.85 c966d9661 aFutrell, Charles.10aAbc's of relationship selling /cCharles Futrell. a6th ed. a[S.l.] :bIrwin Professional Pub,c1999. a368 p. ;c26 cm. aPaperback. aNo matter what career the student pursues, selling skills will always be an asset and will enhance communications skills. This inexpensive text is one the students keep after the class is over and they use it as a resource in the business world. ABCs of Relationship Selling is written by a sales person turned teacher and so it is filled with practical tips and business-examples. ABCs of Relationship Selling is an affordable, brief, paperback. It is perfect for a selling course where a brief book is preferred. Professors who spend considerable time on other resources and projects will appreciate the brief format. Schools that do not offer a separate selling course may find this short paperback a nice addition in a sales management course.403Amazon.comuhttp://www.amazon.com/exec/obidos/ASIN/0072352825/chopaconline-20403Amazon customer reviewsuhttp://www.chopac.org/cgi-bin/tools/azrev.pl?q=0072352825 aNBScBKk658.85 FUT c343504d343504 00104070aCLbCLd2013-08-28l0o658.85 FUTpNBS6608r2013-08-28w2013-08-28yBK